| 000 | 00942nam a2200217Ia 4500 | ||
|---|---|---|---|
| 999 |
_c38463 _d38463 |
||
| 001 | 4475 | ||
| 003 | GE_BSU | ||
| 005 | 20190523184032.0 | ||
| 008 | 181216s1986||||ge |||||||||||||| ||geo|| | ||
| 040 | _cGE_BSU | ||
| 041 | _ageo | ||
| 080 | _a517.5.52(072) ნ–62 | ||
| 100 |
_aნიკოლაიშვილი,ვ. _91539 |
||
| 245 |
_aფურიეს მწკრივები და გარდაქმნები : დამხმ. სახელმძღ. / _cვ.ნიკოლაიშვილი ; რედ : ე. გიორგაძე. |
||
| 264 |
_aთბილისი : _bსპი, _c1986. |
||
| 300 |
_a114 გვ .: _c20 სმ . |
||
| 653 | _aფურიეს მწკრიცები და გარდაქმნები. | ||
| 653 | _aფურიეს გარდაქმნები | ||
| 700 |
_aგიორგაძე, ვ _eრედაქტორი _91540 |
||
| 942 |
_cBK _2udc |
||